Divine names on the spot. II, Exploring the potentials of names through images and narratives /

Bibliographic Details
Other Authors: Porzia, Fabio, 1984- (Editor), Bonnet, Corinne (Editor)
Format: eBook
Language:English
Language Notes:Seven English, 3 French contributions.
Published: Leuven : Peeters, 2023.
Series:Orbis biblicus et orientalis ; 299.
Subjects:
Online Access:Connect to the full text of this electronic book

MARC

Tag First Indicator Second Indicator Subfields
LEADER 00000nam a22000001i 4500
001 in00004772012
006 m |o d |
007 cr |n|||||||||
008 240211s2023 be abe ob 101 0 eng d
005 20240212143121.1
020 |a 9789042951624 (electronic bk.) 
020 |a 9042951621 (electronic bk.) 
020 |z 9789042951617 
020 |z 9042951613 
024 3 |a 9789042951617 
035 |a (NhCcYBP)jstor22573/CATS7732761 
040 |a NhCcYBP  |c NhCcYBP 
050 4 |a BL473  |b .D58 2023 
072 7 |a BL  |2 lcco 
245 0 0 |a Divine names on the spot.  |n II,  |p Exploring the potentials of names through images and narratives /  |c edited by Fabio Porzia and Corinne Bonnet. 
264 1 |a Leuven :  |b Peeters,  |c 2023. 
300 |a 1 online resource. 
336 |a text  |b txt  |2 rdacontent 
337 |a computer  |b c  |2 rdamedia 
338 |a online resource  |b cr  |2 rdacarrier 
490 1 |a Orbis biblicus et orientalis,  |x 1015-1850 ;  |v 299 
500 |a Description based on print version record. 
500 |a Contributions originating in a seminar held at University of Toulouse and a related cycle of conferences. 
500 |a Third set of papers in preparations. 
504 |a Includes bibliographical references and index. 
546 |a Seven English, 3 French contributions. 
505 0 |a I. Manipulating the divine -- The God El and Levantine mythology in the war scroll from Qumran / Jonathan Ben-Dov -- Les dieux des tophets: Baal Hammon, tinnit es les autres. Formules onomastiques et images / Bruno D'Andrea -- Manipulations d'Hécaergé: dynamique de l'étiologie des noms divins chez Antoninus Liberalis / Charles Delattre -- II. Crossing registers of communication -- Names and images of God Qos and the question of Yahweh's Doppelgänger / Juan Manuel Tebes -- Panthéon en mouvement: jeux et enjeux de la nomination des divinités féminines dans les représentations attiques / Cécile Jubier-Galinier -- Appropriation and bricolage of divine images: The case of the Signa Panthea, names and artefacts for "condensed" gods / Ginevra Benedetti -- III. Challenging old and new names -- The enigma of Baal-Zebub: A new solution / Christian Frevel -- Half a century after Culican's "Dea Tyria Gravida": New perspectives on the most popular Phoenician terracotta type / Barbara Bolognani -- Greek perceptions of the origins of the herm: Images and narratives / S. Rececca Martin -- Iconisme et aniconisme dans les représentations religieuses au Proche-Orient ancien: une stratégie? / Astrid Nunn. 
588 |a Description based on print version record. 
650 0 |a Gods  |x Names  |v Congresses. 
650 0 |a Gods, Greek  |x Names  |v Congresses. 
650 0 |a Gods, Semitic  |x Names  |v Congresses. 
650 0 |a Idols and images  |v Congresses. 
655 7 |a Electronic books.  |2 local 
700 1 |a Porzia, Fabio,  |d 1984-  |e editor. 
700 1 |a Bonnet, Corinne,  |e editor. 
776 1 8 |c Original  |z 9789042951617  |z 9042951613 
830 0 |a Orbis biblicus et orientalis ;  |v 299. 
856 4 0 |u http://proxy.library.tamu.edu/login?url=https://www.jstor.org/stable/10.2307/jj.7762587  |z Connect to the full text of this electronic book  |t 0 
955 |a JSTOR DDA record 
999 f f |s f7ee1ad4-fad1-41aa-aebe-cde65afb8d26  |i 12fc7960-1db8-4c1e-9297-adc0633168d0  |t 0 
952 f f |a Texas A&M University  |b College Station  |c Electronic Resources  |d Available Online  |t 0  |e BL473 .D58 2023  |h Library of Congress classification 
998 f f |a BL473 .D58 2023  |t 0  |l Available Online